Industrial Engineering and Management (Record no. 944)

MARC details
000 -LEADER
fixed length control field 00347nam a2200133Ia 4500
008 - FIXED-LENGTH DATA ELEMENTS--GENERAL INFORMATION
fixed length control field 191201s2005 xx 000 0 und d
082 ## - DEWEY DECIMAL CLASSIFICATION NUMBER
Classification number 658.5
Item number KHI
100 ## - MAIN ENTRY--PERSONAL NAME
Personal name Khanna, O P
245 #0 - TITLE STATEMENT
Title Industrial Engineering and Management
260 ## - PUBLICATION, DISTRIBUTION, ETC. (IMPRINT)
Place of publication, distribution, etc N.Delhi
Name of publisher, distributor, etc Dhanpat Rai Pubns (P) Ltd
Date of publication, distribution, etc 2005
300 ## - PHYSICAL DESCRIPTION
Extent 1.1-39.13
650 ## - SUBJECT ADDED ENTRY--TOPICAL TERM
Topical term or geographic name as entry element B.Tech(ME)
942 ## - ADDED ENTRY ELEMENTS (KOHA)
Source of classification or shelving scheme Dewey Decimal Classification
Koha item type Text Books
Holdings
Withdrawn status Lost status Source of classification or shelving scheme Damaged status Not for loan Collection code Home library Current library Date acquired Source of acquisition Cost, normal purchase price Bill Number Total Checkouts Full call number Acc. no. / Barcode Date last seen Bill Date Koha item type Date last borrowed
    Dewey Decimal Classification     B.Tech(ME) PIET C-LIBRARY PIET C-LIBRARY 21/08/2006 M/s UDH, New Delhi 310.00 CM 4732 1 658.5 KHI 792 27/12/2019 22/08/2005 Text Books 13/12/2019
    Dewey Decimal Classification     B.Tech(ME) PIET C-LIBRARY PIET C-LIBRARY 21/08/2006 M/s UDH, New Delhi 310.00 CM 4732 1 658.5 KHI 793 20/12/2019 22/08/2005 Text Books 13/12/2019
    Dewey Decimal Classification     B.Tech(ME) PIET C-LIBRARY PIET C-LIBRARY 21/08/2006 M/s UDH, New Delhi 310.00 CM 4732 2 658.5 KHI 794 31/03/2025 22/08/2005 Text Books 18/03/2025
    Dewey Decimal Classification     B.Tech(ME) PIET C-LIBRARY PIET C-LIBRARY 21/08/2006 M/s UDH, New Delhi 310.00 CM 4732   658.5 KHI 795 04/12/2019 22/08/2005 Text Books  
    Dewey Decimal Classification     B.Tech(ME) PIET C-LIBRARY PIET NCR College Library 21/08/2006 M/s UDH, New Delhi 310.00 CM 4732   658.5 KHI 791 26/10/2023 22/08/2005 Text Books  

Design & Developed by: PIET Central Library
R70 Miles Stone Pattikalyana Samalkha Panipat 132102
mail ID :- [email protected], Phone No:- 0180-2569700 Ex.216